000
00285nam a2200121Ia 4500
005
20251222144701.0
008
251222s9999||||xx |||||||||||||| ||spa||
020
_a
84-01-43082-8
082
_a
843.9/S16L
100
_a
"Saint-Laurent, Cycil"
245
0
_a
Lucrecia Borgia
942
_c
LIB
999
_c
17453
_d
17453